| 000 | 00759nam a22002655i 4500 | ||
|---|---|---|---|
| 001 | 10780 | ||
| 003 | ES-MaACL | ||
| 005 | 20230906145946.0 | ||
| 007 | t| | ||
| 008 | 950210s1993 sp ||||0| spa j | ||
| 020 | _a84-7844-205-7 | ||
| 040 |
_aM-BN _bspa _cM-BN |
||
| 080 | _a087.5:82 | ||
| 080 | _a82:087.5 | ||
| 100 | 1 |
_aCruz Ruiz, Juan. _941848 |
|
| 245 | 1 | 0 |
_aSerena / _cJuan Cruz Ruiz ; ilustraciones de Laura y Luis Gordillo. |
| 260 |
_aMadrid : _bSiruela, _c1993. |
||
| 300 |
_a106 p., [8] h. de lám ; _c22 cm. |
||
| 490 | 1 |
_aLas tres edades ; _v31 |
|
| 700 | 1 |
_aGordillo, Laura. _959140 |
|
| 700 | 1 |
_aGordillo, Luis. _959141 |
|
| 830 | 0 |
_aLas tres edades ; _v31 _9178625 |
|
| 852 |
_aES-MaACL _jL-18150 _bR.123024 |
||
| 999 |
_c10780 _d10780 |
||